| 000 | 00000nam##2200000za#4500 |
| 001 | 9.659320 |
| 003 | CaOODSP |
| 005 | 20200401063345 |
| 007 | ta |
| 008 | 150407|1997||||xxc||||| f|0| 0 fre|d |
| 020 | |a0-660-60249-0 |
| 040 | |aCaOODSP|bfre |
| 041 | |aeng |
| 041 | |afre |
| 043 | |an-cn--- |
| 086 | 1 |aF2-97/1-1996 |
| 110 | 1 |aCanada. |bMinistère des finances. |
| 245 | 10|aAvis de motion des voies et moyens visant à modifier la Loi de l'impôt sur le revenu, les Règles concernant l'application de l'impôt sur le revenu et une loi liée à la Loi de l'impôt sur le revenu |
| 260 | |aOttawa - Ontario : |bFinances Canada |c1997. |
| 300 | |a147p. ; |c28 cm. |
| 546 | |aBilingue |
| 563 | |aPolycopié |
| 590 | |a97-14|b1997-04-04 |
| 776 | 0#|tAvis de motion des voies et moyens visant à modifier la Loi de l'impôt sur le revenu, les Règles concernant l'application de l'impôt sur le revenu et une loi liée à la Loi de l'impôt sur le revenu |w(CaOODSP)9.642474 |
| 776 | 0#|tNotice of ways and means motion to amend the Income Tax Act, the Income Tax Application Rules and another Act related to the Income Tax Act |w(CaOODSP)9.698466 |
| 791 | |tNotice of ways and means motion to amend the Income Tax Act, the Income Tax Application Rules and another Act related to the Income Tax Act |eeng|w(CaOODSP)9.659319 |